Health informatics : (Record no. 18472)

MARC details
000 -LEADER
fixed length control field 00974cam a22002655a 4500
001 - CONTROL NUMBER
control field 17667554
005 - DATE AND TIME OF LATEST TRANSACTION
control field 20150824110020.0
008 - FIXED-LENGTH DATA ELEMENTS--GENERAL INFORMATION
fixed length control field 130320t2014 moua frbd 001 0 eng d
020 ## - INTERNATIONAL STANDARD BOOK NUMBER
International Standard Book Number 9780323100953 (pbk.)
040 ## - CATALOGING SOURCE
Original cataloging agency DNLM/DLC
Transcribing agency DLC
Modifying agency DLC
-- EG-ScBUE
Language of cataloging eng
082 04 - DEWEY DECIMAL CLASSIFICATION NUMBER
Classification number 610.285
Edition number 22
Item number HEA
245 10 - TITLE STATEMENT
Title Health informatics :
Remainder of title an interprofessional approach /
Statement of responsibility, etc [edited by] Ramona Nelson, Nancy Staggers.
260 ## - PUBLICATION, DISTRIBUTION, ETC. (IMPRINT)
Place of publication, distribution, etc Missouri :
Name of publisher, distributor, etc Elsevier Mosby,
Date of publication, distribution, etc c.2014.
300 ## - PHYSICAL DESCRIPTION
Extent xxiii, 535 p. :
Other physical details ill. (col.) ;
Dimensions 28 cm.
500 ## - GENERAL NOTE
General note Glossary : p. 509-515.
500 ## - GENERAL NOTE
General note Index : p. 517-535.
500 ## - GENERAL NOTE
General note Evolve study resources free with new textbook purchase.
504 ## - BIBLIOGRAPHY, ETC. NOTE
Bibliography, etc Includes bibliographical references.
650 #7 - SUBJECT ADDED ENTRY--TOPICAL TERM
Topical term or geographic name as entry element Medical informatics.
9 (RLIN) 36271
Source of heading or term BUEsh
653 ## - INDEX TERM--UNCONTROLLED
Resource For college Nursing
Arrived date list October2014
-- April2015
-- August2015
655 ## - INDEX TERM--GENRE/FORM
Form subdivision
-- 34232
700 1# - ADDED ENTRY--PERSONAL NAME
Personal name Nelson, Ramona,
Relator term editor.
9 (RLIN) 36272
700 1# - ADDED ENTRY--PERSONAL NAME
Personal name Staggers, Nancy,
Relator term editor.
9 (RLIN) 36273
942 ## - ADDED ENTRY ELEMENTS (KOHA)
Source of classification or shelving scheme Dewey Decimal Classification
Call number prefix 610.285 HEA
Holdings
Withdrawn status Item status Source of classification or shelving scheme Damaged status Not for loan Vendor Home library Current library Shelving location Date acquired Source of acquisition Cost, normal purchase price Serial Enumeration / chronology Total Checkouts Full call number Barcode Date last seen Cost, replacement price Koha item type Total Renewals Date last borrowed
    Dewey Decimal Classification     Baccah Central Library Central Library First floor 20/10/2014   300.00 20526   610.285 HEA 000036730 15/07/2025 375.00 Book - Borrowing    
    Dewey Decimal Classification     Baccah Central Library Central Library First floor 20/10/2014   300.00 20526 2 610.285 HEA 000036731 15/07/2025 375.00 Book - Borrowing 5 26/05/2016
    Dewey Decimal Classification     Baccah Central Library Central Library First floor 09/04/2015   478.00 21925   610.285 HEA 000037977 15/07/2025 597.50 Book - Borrowing